Score 0/7 Timer 03:00
1 Play Today
Question Answer Wrong Answers
Ten thousand march in Washington, D.C., calling for the impeachment of this US political figure.
1974
Richard Nixon
92.3%
Gerald Ford
1.3%
J. Edgar Hoover
1.8%
Henry Kissinger
1.4%
This former general, the 18th President of the United States, is born.
1822
Ulysses S. Grant
88.5%
Franklin Pierce
2.7%
Rutherford B. Hayes
4.8%
James Buchanan
3.9%
Popes John XXIII and ______ are declared saints in the first papal canonization since 1954.
2014
Pope John Paul II
67.7%
Pope Benedict XVI
11.8%
Pope Pius XII
11.2%
Pope Leo XIII
5.4%
Construction begins on the Freedom Tower in New York City. It is later renamed what?
2006
One World Trade Center
59.5%
World Trade Tower
10.8%
Freedom Center One
20.1%
Word Trade Center Two
6%
This West African country is granted its independence from the United Kingdom, with Milton Margai as the first Prime Minister.
1961
Sierra Leone
47.8%
Kenya
30.4%
Namibia
12.1%
Tunisia
6.9%
This Ivy League university is founded after the New York State Senate authorized it as the state's land grant institution.
1865
Cornell
41%
Columbia
33.6%
Princeton
9.2%
Harvard
15.2%
Benito Mussolini is arrested by Italian partisans in Dongo, while attempting escape disguised as a ______.
1945
German Soldier
24.4%
Taxi Driver
35.5%
Tourist
18.3%
Police Officer
19.6%
Remove Ads.
Support Sporcle.
Get the best of Sporcle when you Go Orange. This ad-free experience offers more features, more stats, and more fun while also helping to support Sporcle. Thank you for becoming a member.

You're not logged in!

Compare scores with friends on all Sporcle quizzes.
OR
Log In

Show Comments

Extras

Top Quizzes Today


Score Distribution

Your Account Isn't Verified!

In order to create a playlist on Sporcle, you need to verify the email address you used during registration. Go to your Sporcle Settings to finish the process.

Report this User

Report this user for behavior that violates our Community Guidelines.

Details: